Los tests : manual de técnicas de exploración psicologica, segunda parte /

Guardado en:
Autor Principal: Szekely, Bela
Formato: Libro
Publicado: Buenos Aires : Kapelusz, 1966
Edición:5a. ed.
Materias:
Etiquetas: Agregar Etiqueta
Sin Etiquetas, Sea el primero en etiquetar este registro!
LEADER 00684nam a22002055a 4500
001 CEM.cems006117
005 20060214000000.0
008 130507s1966##################000#0#####d
003 CEMS
082 0 4 |a 137.8 
100 1 |a Szekely, Bela 
245 1 0 |a Los tests :  |b manual de técnicas de exploración psicologica, segunda parte / 
250 |a 5a. ed. 
260 |a Buenos Aires :  |b Kapelusz,  |c 1966 
300 |a 650 p. 
505 0 |a Tests proyectivos, caracterologicos y parapsicologicos; Tests de Rorschach; Psicodiagnostico experimental. 
653 |a Inteligencia-tests 
653 |a Psicología-tests 
653 |a Tests 
859 |a CEMS  |b BIB. CEMS - 11 de abril  |h 137.8  |i Sz24a5/2  |p 502.73  |t Ej.1